=LDR 00000nam 2200000 4500 =001 NUTBA000000000004165 =005 20140904084155.0 =006 =007 =008 =020 ##$$a 978-602-97599-3-8 =035 ##$$a 0010-091400000000198 =040 ##$$a NBPDMAT =082 ##$$a 612.6 =084 ##$$a 612.6 Shi e =100 ##$$a Shinta Margareta =245 ##$$a 40 Minggu Pertama yang penuh keajaiban dalam hidupku / $c Shinta Margareta =250 ##$$a Cet. 1 =260 ##$$a Yogyakarta : $b Pustaka Cerdas, $c 2013 =300 ##$$a 138 hlm. : $b ilus. ; $c 19 cm. =500 ##$$a Bibliografi : hlm. 137-138 =650 ##$$a HAMIL =990 ##$$a 21407772